000 00658nam a2200229Ia 4500
003 OSt
005 20221007064151.0
006 a|||||r|||| 00| 0
007 ta
008 221006b |||||||| |||| 00| 0 eng d
024 _a26,649
037 _cTextual
040 _aFLL
_cFLL
_beng
041 _2eng
_aeng
082 _aZ73y7, G6
100 _aGavit Bernard C.
_9685425
245 0 _aCases and materials on an introduction to law and the judicial process
260 _aChicago
_bCallaghan and Company Chicago
_c1936
300 _axxiii,1-633p
_ccm.
942 _hZ73y7, G6
_cTEXL
_2CC
999 _c1133186
_d1133186